| 000 | 00800nam a2200253Ia 4500 | ||
|---|---|---|---|
| 003 | OSt | ||
| 005 | 20220923211451.0 | ||
| 006 | a|||||r|||| 00| 0 | ||
| 007 | ta | ||
| 008 | Pun | ||
| 020 |
_a9789350688656 (hbk) _c200 |
||
| 024 | _a290,285 | ||
| 037 |
_b1001, 31/12/2015, H.K. Prakashan _cTextual |
||
| 040 |
_aARTS _cARTS _bPun |
||
| 041 |
_2Pun _aPun |
||
| 082 | _aO153,6NRIx, Q4 | ||
| 100 | _aਰਿੰਕਲ ਪਾਲ | ||
| 245 | 0 | _aਪੂਰਨ ਲੂਣਾ ਪਰੰਪਰਾ ਤੇ ਹੋਰ ਲੇਖ | |
| 260 |
_aਚੰਡੀਗੜ _b ਲੋਕਗੀਤ _c2014 |
||
| 300 |
_a128ਪੰ _ccm. |
||
| 650 | _aਪੰਜਾਬੀ ਸਾਹਿਤ | ||
| 942 |
_hO153,6NRIx, Q4 _cTEXL _2CC |
||
| 999 |
_c299818 _d299818 |
||